| 000 | 00852nam a22001337a 4500 | ||
|---|---|---|---|
| 040 | _cRUA | ||
| 082 | _aAVM KHO 2009 B088 Or.1 | ||
| 100 | _aKHOUM SOKCHEA | ||
| 245 | _aSurvey on effect of drugs for treatment transmissible gastroenteritis disease on dogs at animal clinic phonm penh depatment of agriculture, (ការអង្កេតអំពីប្រសិទ្ធភាពឱសថក្នុងការព្យាបាលជំងឺរលាកក្រពះពោះវៀនលើពូជសុនខ នៅគ្លីនិកបសុព្យាបាល នៃមន្ទីកសិកម្មរាជធានីភ្នំពេញ) | ||
| 260 |
_aphnom penh _brua _c2009 |
||
| 300 |
_aix, 30p. _bill. _c29cm. |
||
| 856 | _uhttps://drive.google.com/file/d/1MxAy9BhFxb4u1ZU4Ns0kXot1NW2qvixa/view?usp=sharing | ||
| 942 | _cAVM | ||
| 999 |
_c2348 _d2348 |
||